Normal view
MARC view
- Ajaz, S M
Entry Personal Name
001 - CONTROL NUMBER
- control field: 5802
003 - CONTROL NUMBER IDENTIFIER
- control field: OSt
005 - DATE AND TIME OF LATEST TRANSACTION
- control field: 20240203150233.0
008 - FIXED-LENGTH DATA ELEMENTS
- fixed length control field: 240203|| aca||aabn | a|a d
040 ## - CATALOGING SOURCE
- Original cataloging agency: OSt
- Transcribing agency: OSt
100 ## - HEADING--PERSONAL NAME
- Personal name: Ajaz, S M
670 ## - SOURCE DATA FOUND
- Source citation: Work cat.: (OSt)8008: Ajaz, S M ., Career`s guide to Indian forest service exam / , 1998.
